Statistiken für Woiwodschaften Polens Karten-Quiz

Klicken Sie hier um das Quiz zu spielen!

Allgemein

  • Dieses Quiz wurde 299 mal gespielt
  • Das Durchschnittsergebnis liegt bei 9 aus 16

Antworten auf der Karte

Die Antworten werden auf der Karte rot bzw. grün angezeigt, abhängig davon wie oft sie richtig erraten wurden.
 

Antwortstatistiken

Antwort% Korrekt
Pommern
Pomorskie
68%
Ermland-Masuren
Warmińsko-Mazurskie
65%
Niederschlesien
Dolnośląskie
63%
Oppeln
Opolskie
63%
Schlesien
Śląskie
63%
Westpommern
Zachodniopomorskie
62%
Großpolen
Wielkopolskie
58%
Lublin
Lubelskie
57%
Karpatenvorland
Podkarpackie
56%
Kleinpolen
Małopolskie
56%
Kujawien-Pommern
Kujawsko-Pomorskie
56%
Lebus
Lubuskie
50%
Lodsch
Łódzkie
50%
Heiligkreuz
Świętokrzyskie
46%
Masowien
Mazowieckie
44%
Podlachien
Podlaskie
44%

Verteilung der Resultate

Perzentil nach korrekt beantworteten Fragen

Anzahl Personen mit jedem Resultat

Ihre Resultats-Entwicklung

Sie haben dieses Quiz noch nicht gespielt